The ZIPAR quarterly: Lusaka needs public transport reforms (Record no. 83444)
[ view plain ]
| 000 -LEADER | |
|---|---|
| fixed length control field | 00856nam a2200157 a 4500 |
| 008 - FIXED-LENGTH DATA ELEMENTS--GENERAL INFORMATION | |
| fixed length control field | 150916s2014 ||||||||||||||||| || u |
| 050 ## - LIBRARY OF CONGRESS CALL NUMBER | |
| Classification number | ZIPAR(05)ZQ/2014/1A |
| 110 ## - MAIN ENTRY--CORPORATE NAME | |
| Corporate name or jurisdiction name as entry element | Zambia Institute for Policy Analysis & Research (ZIPAR) |
| 245 14 - TITLE STATEMENT | |
| Title | The ZIPAR quarterly: Lusaka needs public transport reforms |
| Statement of responsibility, etc. | By Zambia Institute for Policy Analysis and Research (ZIPAR) |
| 260 ## - PUBLICATION, DISTRIBUTION, ETC. | |
| Place of publication, distribution, etc. | Lusaka: |
| Name of publisher, distributor, etc. | Zambia Institute for Policy Analysis and Research (ZIPAR) |
| Date of publication, distribution, etc. | 2014 |
| 300 ## - PHYSICAL DESCRIPTION | |
| Extent | 23p.: ill. |
| 650 ## - SUBJECT ADDED ENTRY--TOPICAL TERM | |
| Topical term or geographic name entry element | ZAMBIA--ECONOMIC POLICY--PERIODICALS |
| 650 ## - SUBJECT ADDED ENTRY--TOPICAL TERM | |
| Topical term or geographic name entry element | ZAMBIA--ECONOMIC CONDITIONS |
| 995 ## - | |
| -- | SPECIAL COLLECTIONS |
| -- | 2018 |
| -- | CBU-MAIN LIBRARY (Kitwe) |
| -- | ZIPAR(05)ZQ/2014/1B |
| -- | 2 |
| -- | AVAILABLE |
| -- | Sep 16, 2015 |
| -- | B2018 |
| -- | Zambiana Collection |
| 995 ## - | |
| -- | SPECIAL COLLECTIONS |
| -- | 2017 |
| -- | CBU-MAIN LIBRARY (Kitwe) |
| -- | ZIPAR(05)ZQ/2014/1A |
| -- | 1 |
| -- | AVAILABLE |
| -- | Sep 16, 2015 |
| -- | B2017 |
| -- | Zambiana Collection |
| 999 ## - | |
| -- | 83444 |
| -- | 83444 |
| Withdrawn status | Lost status | Source of classification or shelving scheme | Damaged status | Not for loan | Permanent Location | Current Location | Shelving location | Date acquired | Total Checkouts | Full call number | Barcode | Date last seen | Copy number | Price effective from | Koha item type |
|---|---|---|---|---|---|---|---|---|---|---|---|---|---|---|---|
| CBU-MAIN LIBRARY, KITWE. | CBU-MAIN LIBRARY, KITWE. | 10/30/2023 | ZIPAR(05)ZQ/2014/1B | B2018 | 10/30/2023 | 1 | 10/30/2023 | SPECIAL COLLECTION | |||||||
| CBU-MAIN LIBRARY, KITWE. | CBU-MAIN LIBRARY, KITWE. | 10/30/2023 | ZIPAR(05)ZQ/2014/1A | B2017 | 10/30/2023 | 2 | 10/30/2023 | SPECIAL COLLECTION |